Montana Former and Current Municipalities - Statistics

General Stats
  • This quiz has been taken 4 times
  • The average score is 15 of 669
Answer Stats
Municipality % Correct
Bozeman
67%
Absarokee
33%
Anaconda
33%
Ashland
33%
Avon
33%
Baker
33%
Bearcreek
33%
Belt
33%
Billings
33%
Browning
33%
Butte
33%
Cohagen
33%
Columbia Falls
33%
Cut Bank
33%
Dean
33%
Deer Lodge
33%
Denton
33%
Dillon
33%
Drummond
33%
Ekalaka
33%
Elliston
33%
Evergreen
33%
Fort Benton
33%
Great Falls
33%
Helmville
33%
Joe/Ismay
33%
Jordan
33%
Laurel
33%
Libby
33%
Lolo
33%
Miles City
33%
Missoula
33%
Ovando
33%
Plevna
33%
Red Lodge
33%
Simms
33%
Somers
33%
Terry
33%
Troy
33%
Valier
33%
Walkerville
33%
Yaak
33%
Acton
0%
Agawam
0%
Alberton
0%
Albion
0%
Alder
0%
Aldridge
0%
Alton
0%
Alzada
0%
Amherst
0%
Amsterdam
0%
Angela
0%
Antelope
0%
Argo
0%
Arlee
0%
Armington
0%
Arrow Creek
0%
Augusta
0%
Azure
0%
Babb
0%
Bainville
0%
Ballantine
0%
Bannack
0%
Barker
0%
Bascom
0%
Basin
0%
Batavia
0%
Bean
0%
Bear Dance
0%
Bearmouth
0%
Beaver Creek
0%
Beaverton
0%
Beehive
0%
Belfry
0%
Belgrade
0%
Belknap
0%
Belle Creek
0%
Biddle
0%
Big Arm
0%
Bigfork
0%
Big Horn
0%
Big Sag
0%
Big Sandy
0%
Big Sky
0%
Big Timber
0%
Birney
0%
Black Eagle
0%
Bloomfield
0%
Boneau
0%
Bonner-West Riverside
0%
Boulder
0%
Bowler
0%
Box Elder
0%
Boyd
0%
Boyes
0%
Brady
0%
Bridger
0%
Brisbin
0%
Broadus
0%
Broadview
0%
Brockton
0%
Brockway
0%
Brusett
0%
Buffalo
0%
Busby
0%
Bynum
0%
Cable
0%
Camas
0%
Cameron
0%
Camp Three
0%
Canyon Creek
0%
Capitol
0%
Cardwell
0%
Carlton
0%
Carlyle
0%
Carney
0%
Carpenter's Bar
0%
Carter
0%
Carterville
0%
Cascade
0%
Castle Town
0%
Cat Creek
0%
Cement Gulch City
0%
Chapman
0%
Charlo
0%
Charlos Heights
0%
Chester
0%
Chico
0%
Chinook
0%
Choteau
0%
Christina
0%
Churchill
0%
Circle
0%
Clancy
0%
Clinton
0%
Clyde Park
0%
Coalwood
0%
Coburg
0%
Coffee Creek
0%
Coloma
0%
Colstrip
0%
Columbus
0%
Comanche
0%
Comertown
0%
Comet
0%
Condon
0%
Conner
0%
Conrad
0%
Cooke City
0%
Coolidge
0%
Copperopolis
0%
Coram
0%
Corbin
0%
Corinth
0%
Corvallis
0%
Corwin
0%
Corwin Springs
0%
Coulson
0%
Craig
0%
Crane
0%
Crow Agency
0%
Culbertson
0%
Custer
0%
Dagmar
0%
Danvers
0%
Darby
0%
Dayton
0%
De Borgia
0%
Decker
0%
Del Bonita
0%
Dell
0%
Diamond City
0%
Dixon
0%
Dodson
0%
Donald
0%
Dooley
0%
Dupuyer
0%
Dutton
0%
East Glacier Park
0%
East Helena
0%
East Missoula
0%
East Portal
0%
Edgar
0%
El Dorado
0%
Electric
0%
Elkhorn
0%
Elmo
0%
Emigrant
0%
Ennis
0%
Epsie
0%
Essex
0%
Ethridge
0%
Eureka
0%
Evaro
0%
Eweing
0%
Exeter
0%
Fairfield
0%
Fairview
0%
Fallon
0%
Finch
0%
Finley Point
0%
Fishtail
0%
Flatwillow
0%
Flaxville
0%
Florence
0%
Floweree
0%
Forest Grove
0%
Forest Hill Village
0%
Forsyth
0%
Fort Belknap Agency
0%
Fortine
0%
Fort Peck
0%
Fort Shaw
0%
Fort Smith
0%
Four Buttes
0%
Four Corners
0%
Fox
0%
Fox Lake
0%
Frazer
0%
Frenchtown
0%
Froid
0%
Fromberg
0%
Galata
0%
Galen
0%
Gallatin Gateway
0%
Gallatin River Ranch
0%
Gardiner
0%
Garneill
0%
Garnet
0%
Garrison
0%
Garryowen
0%
Georgetown
0%
Geraldine
0%
Geyser
0%
Gibson Flats
0%
Gildford
0%
Glasgow
0%
Glen
0%
Glendale
0%
Glendive
0%
Glentana
0%
Glitedge
0%
Gold Creek
0%
Grace
0%
Granite
0%
Grantsdale
0%
Grass Range
0%
Gregson
0%
Greycliff
0%
Hall
0%
Hamilton
0%
Hammond
0%
Happys Inn
0%
Hardin
0%
Harlem
0%
Harlowton
0%
Harrison
0%
Hassel
0%
Hathaway
0%
Haugan
0%
Havre
0%
Havre North
0%
Hays
0%
Heart Butte
0%
Heath
0%
Hebgen Lake Estates
0%
Hecla
0%
Helena
0%
Helena Flats
0%
Helena Valley Northeast
0%
Helena Valley Northwest
0%
Helena Valley Southeast
0%
Helena Valley West Central
0%
Helena West Side
0%
Heron
0%
Herron
0%
Hesper
0%
Highwood
0%
Hilger
0%
Hillman
0%
Hillsboro
0%
Hingham
0%
Hinsdale
0%
Hobson
0%
Hogeland
0%
Homestead
0%
Hoosac
0%
Hot Springs
0%
Hughesville
0%
Hungry Horse
0%
Huntley
0%
Huson
0%
Hysham
0%
Independence
0%
Indian Springs
0%
Ingomar
0%
Inverness
0%
Jackson
0%
Jardine
0%
Jefferson City
0%
Jefferson Island
0%
Jette
0%
Jim Town
0%
Joliet
0%
Joplin
0%
Judith Gap
0%
Junction City
0%
Kalispell
0%
Kendall
0%
Kerr
0%
Kevin
0%
Keystone
0%
Kicking Horse
0%
Kila
0%
King Arthur Park
0%
Kings Point
0%
Kinsey
0%
Kirby
0%
Kirkville
0%
Klein
0%
Knife River
0%
Kremlin
0%
Lake Mary Ronan
0%
Lake McDonald
0%
Lakeside
0%
Lakeview
0%
Lame Deer
0%
Landusky
0%
Laredo
0%
Larslan
0%
Laurin
0%
Lavina
0%
Ledger
0%
Lennep
0%
Leroy
0%
Lewistown
0%
Lewistown Heights
0%
Lima
0%
Limestone
0%
Lincoln
0%
Lindisfarne
0%
Lindsay
0%
Lion City
0%
Little Bitterroot Lake
0%
Little Browning
0%
Livingston
0%
Lloyd
0%
Lockwood
0%
Lodge Grass
0%
Lodge Pole
0%
Logan
0%
Lolo Hot Springs
0%
Loma
0%
Lonepine
0%
Lonetree
0%
Loring
0%
Lothair
0%
Lothrop
0%
Ludington
0%
Lustre
0%
Luther
0%
Maiden
0%
Malmstrom Air Force Base
0%
Malta
0%
Mammoth
0%
Manhattan
0%
Marion
0%
Martin City
0%
Martinsdale
0%
Marysville
0%
Maudlow
0%
Maxville
0%
McAllister
0%
McLeod
0%
Medicine Lake
0%
Melrose
0%
Melstone
0%
Melville
0%
Midvale
0%
Mildred
0%
Mill Iron
0%
Milltown
0%
Minden
0%
Moccasin
0%
Molt
0%
Monarch
0%
Mondak
0%
Monida
0%
Montana City
0%
Moore
0%
Moorhead
0%
Morgan
0%
Mosby
0%
Muddy
0%
Musselshell
0%
Myers
0%
Naismith
0%
Nashua
0%
Neihart
0%
Nevada City
0%
Niarada
0%
Nibbe
0%
Norris
0%
North Browning
0%
Noxon
0%
Nye
0%
Oilmont
0%
Old Agency
0%
Olive
0%
Olney
0%
Opheim
0%
Opportunity
0%
Orchard Homes
0%
Oswego
0%
Otter
0%
Outlook
0%
Pablo
0%
Paradise
0%
Pardee
0%
Park City
0%
Parker School
0%
Peerless
0%
Pendroy
0%
Perma
0%
Philipsburg
0%
Piltzville
0%
Pinesdale
0%
Pioneer
0%
Pioneer Junction
0%
Plains
0%
Plentywood
0%
Polaris
0%
Polebridge
0%
Polson
0%
Pompey's Pillar
0%
Ponderosa Pines
0%
Pony
0%
Poplar
0%
Powderville
0%
Power
0%
Pray
0%
Princeton
0%
Proctor
0%
Pryor
0%
Quartz
0%
Quebec
0%
Quietus
0%
Rader Creek
0%
Radersburg
0%
Rancher
0%
Rapelje
0%
Ravalli
0%
Raymond
0%
Raynesford
0%
Red Bluff
0%
Red Lion
0%
Redstone
0%
Reed Point
0%
Reserve
0%
Rexford
0%
Richey
0%
Richland
0%
Ridge
0%
Rimini
0%
Rimrock
0%
Ringling
0%
Riverbend
0%
Riverside
0%
Roberts
0%
Rockvale
0%
Rocky Boy's Agency
0%
Rocky Boy West
0%
Rocky Point
0%
Rollins
0%
Ronan
0%
Roosville
0%
Roscoe
0%
Rosebud
0%
Roundup
0%
Roy
0%
Ruby
0%
Ruby Gulch
0%
Rudyard
0%
Ryegate
0%
Saco
0%
Saddle Butte
0%
Saltese
0%
Sand Coulee
0%
Sanders
0%
Sand Springs
0%
Sangrey
0%
Santa Rita
0%
Saugus
0%
Savage
0%
Scobey
0%
Sedan
0%
Seeley Lake
0%
Shawmut
0%
Shelby
0%
Shepherd
0%
Sheridan
0%
Sidney
0%
Silesia
0%
Silver Bow
0%
Silver Gate
0%
Silver Star
0%
Sixteen
0%
Sonnette
0%
Sourdough
0%
South Browning
0%
Southern Cross
0%
South Glastonbury
0%
South Hills
0%
Spokane Creek
0%
Springdale
0%
Springhill
0%
Springtime
0%
Square Butte
0%
Stanford
0%
Stark
0%
Starr School
0%
Stevensville
0%
St. Ignatius
0%
St. Marie
0%
St. Mary
0%
Stockett
0%
Storrs
0%
St. Pierre
0%
St. Regis
0%
Stryker
0%
St. Xavier
0%
Sula
0%
Sumatra
0%
Sunburst
0%
Sun Prairie
0%
Sun River
0%
Superior
0%
Swan Lake
0%
Sweet Grass
0%
Sylvanite
0%
Taft
0%
Tampico
0%
Tarkio
0%
Teigen
0%
The Silos
0%
Thoeny
0%
Thompson Falls
0%
Three Forks
0%
Toston
0%
Tower
0%
Townsend
0%
Trapper City
0%
Trego
0%
Trident
0%
Trout Creek
0%
Turah
0%
Turner
0%
Turtle Lake
0%
Twin Bridges
0%
Ulm
0%
Unionville
0%
Utica
0%
Vananda
0%
Vandalia
0%
Vaughn
0%
Victor
0%
Vida
0%
Virginia City
0%
Volborg
0%
Wagner
0%
Warm Springs
0%
Warren
0%
Washoe
0%
Weeksville
0%
Westby
0%
West Glacier
0%
West Glendive
0%
West Havre
0%
West Kootenai
0%
West Yellowstone
0%
Wheat Basin
0%
Wheatland
0%
Whitefish
0%
Whitehall
0%
White Haven
0%
White Sulphur Springs
0%
Whitetail
0%
Whitewater
0%
Whitlash
0%
Wibaux
0%
Wickes
0%
Willard
0%
Willow Creek
0%
Wilsall
0%
Wineglass
0%
Winifred
0%
Winnett
0%
Winston
0%
Wisdom
0%
Wise River
0%
Wolf Creek
0%
Wolf Point
0%
Woods Bay
0%
Worden
0%
Wye
0%
Wyola
0%
Yates
0%
Yellowstone City
0%
Zero
0%
Zortman
0%
Zurich
0%
No matching quizzes found
Score Distribution
Percent of People with Each Score
Percentile by Number Answered
Your Score History
You have not taken this quiz